| 000 | 00361pab a2200157 454500 | ||
|---|---|---|---|
| 008 | 180718b2015 xxu||||| |||| 00| 0 eng d | ||
| 100 | _aChauhan, Madhu | ||
| 245 | _aConsumerism and globalization | ||
| 260 | _c2015 | ||
| 300 | _ap.26-28. | ||
| 362 | _aDec | ||
| 650 | _aGlobalization | ||
| 650 | _aConsumers | ||
| 773 | _aThird Concept | ||
| 909 | _a114104 | ||
| 999 |
_c114098 _d114098 |
||